US Presidents by One-Word Hints Quiz Stats

 Plays Quiz Updated Jan 20, 2017

Support Sporcle.
Go Orange.
Score 0/31 Timer 06:00
5 Plays Today
% Correct
Nixon
93.3%
Reagan
90.9%
Lincoln
89.4%
Eisenhower
88.6%
Trump
87.7%
Kennedy
87%
F.D. Roosevelt
85.7%
Clinton
80.8%
Jefferson
76.2%
Taft
75.1%
Monroe
74.8%
Obama
73.5%
Ford
72.9%
Carter
72.9%
T. Roosevelt
71.9%
Washington
71.2%
% Correct
Jackson
64.4%
Cleveland
63.9%
Wilson
54.7%
G.W. Bush
51.4%
L.B. Johnson
50.3%
Coolidge
49.6%
W.H. Harrison
44.8%
Buchanan
44.4%
Madison
37.5%
J. Adams
33.8%
Garfield
32.8%
Van Buren
32.3%
Hoover
29.7%
Hayes
26%
Arthur
21.8%

You're not logged in!

Compare scores with friends on all Sporcle quizzes.
OR
Log In
Forgot?

From the Vault

Cartoons

by Derek

Somehow we just felt drawn to make this quiz.
Remove Ads.
Support Sporcle.
Get the best of Sporcle when you Go Orange. This ad-free experience offers more features, more stats, and more fun while also helping to support Sporcle. Thank you for becoming a member.

Show Comments

Extras

Top Quizzes Today


Score Distribution

Your Account Isn't Verified!

In order to create a playlist on Sporcle, you need to verify the email address you used during registration. Go to your Sporcle Settings to finish the process.

Report this User

Report this user for behavior that violates our Community Guidelines.

Details: